Statistics for Capitals of USA states #1

Click here to take the quiz!

General Stats

  • This quiz has been taken 152 times
  • The average score is 14 of 15

Answer Stats

CapitalState% Correct
AustinTexas
98%
PhoenixArizona
97%
SacramentoCalifornia
97%
JuneauAlaska
96%
DenverColorado
95%
TallahasseeFlorida
95%
NashvilleTennessee
93%
BostonMassachusetts
91%
RaleighNorth Carolina
91%
MontgomeryAlabama
88%
TrentonNew Jersey
85%
Saint PaulMinnesota
83%
LansingMichigan
82%
HarrisburgPennsylvania
82%
ColumbiaSouth Carolina
80%

Score Distribution

Percentile by Number Answered

Percent of People with Each Score

Your Score History

You have not taken this quiz